| 000 | 00666nas a2200229 4500 | ||
|---|---|---|---|
| 001 | BR8804468 | ||
| 003 | BR-BrBNA | ||
| 005 | 20231205091237.0 | ||
| 007 | ta | ||
| 008 | 230509b bl.|||p| |||| 00| 00por d | ||
| 040 |
_aBR-BrBNA _bpor _cBiblioteca Nacional de Agricultura |
||
| 041 | _a(Pt) | ||
| 072 | _aL53 | ||
| 100 | 1 | _aAnon. | |
| 245 | 1 | _aIdentificacao das causas de queda nas taxas de eclosao | |
| 650 | _aFRANGO DE CORTE | ||
| 650 | _aECLOSAO | ||
| 650 | _aFERTILIDADE ANIMAL | ||
| 773 | 0 |
_tAvicultura Industrial (Brazil) _xISSN 0101-2258 _g(Sep 1987), v. 77(933) p. 5-8 _wBR8804468 |
|
| 909 |
_a202311 _bLúcia _c55 _dLúcia Elande |
||
| 942 |
_2AGRIS _n0 _cANA |
||
| 999 |
_c123817 _d123817 |
||